<?xml version="1.0" encoding="UTF-8"?>
<collection xmlns="http://www.loc.gov/MARC21/slim">
 <record>
  <leader>00779cam a2200217 7i4500</leader>
  <controlfield tag="001">0000074376</controlfield>
  <controlfield tag="005">20120503090000.0</controlfield>
  <datafield tag="020" ind1="#" ind2="0">
   <subfield code="a">0851990177 </subfield>
  </datafield>
  <datafield tag="020" ind1="#" ind2="0">
   <subfield code="a">9780851998268 </subfield>
  </datafield>
  <datafield tag="090" ind1="0" ind2="0">
   <subfield code="a">QK 600.35 </subfield>
   <subfield code="b">.A3 2008</subfield>
  </datafield>
  <datafield tag="245" ind1="0" ind2="0">
   <subfield code="a">Ainsworth &amp; Bisby's dictionary of the fungi  </subfield>
   <subfield code="c">edited by P.M. Kirk ... [et al.] ; with the assistance of T.V. &#13;
Andrianova ... [et al.].</subfield>
  </datafield>
  <datafield tag="246" ind1="0" ind2="3">
   <subfield code="a">Ainsworth and Bisby's dictionary of the fungi.</subfield>
  </datafield>
  <datafield tag="250" ind1="#" ind2="#">
   <subfield code="a">10th ed..</subfield>
  </datafield>
  <datafield tag="260" ind1="#" ind2="#">
   <subfield code="a">[S.l.]: </subfield>
   <subfield code="b">Cabi Publishing, </subfield>
   <subfield code="c">2008.</subfield>
  </datafield>
  <datafield tag="300" ind1="#" ind2="#">
   <subfield code="a">xi, 771 p.: </subfield>
   <subfield code="b">ill.; </subfield>
   <subfield code="c">25 cm..</subfield>
  </datafield>
  <datafield tag="650" ind1="0" ind2="0">
   <subfield code="a">Fungi -- </subfield>
   <subfield code="x">Dictionaries </subfield>
  </datafield>
  <datafield tag="650" ind1="0" ind2="0">
   <subfield code="a">Mycology -- </subfield>
   <subfield code="x">Dictionaries </subfield>
  </datafield>
  <datafield tag="700" ind1="1" ind2="1">
   <subfield code="a">Kirk, P. M. </subfield>
  </datafield>
  <datafield tag="710" ind1="2" ind2="1">
   <subfield code="a">C.A.B. International </subfield>
  </datafield>
  <datafield tag="999" ind1=" " ind2=" ">
   <subfield code="a">1100069894</subfield>
   <subfield code="b">Book</subfield>
   <subfield code="c">Rujukan</subfield>
   <subfield code="e">STACKROOM 2</subfield>
  </datafield>
  <datafield tag="999" ind1=" " ind2=" ">
   <subfield code="a">1100084258</subfield>
   <subfield code="b">Book</subfield>
   <subfield code="c">Rujukan</subfield>
   <subfield code="e">KOLEKSI RUJUKAN</subfield>
  </datafield>
 </record>
</collection>
